Statistics for Pledge Of Allegiance - Missing Words

Click here to take the quiz!

General Stats

  • This quiz has been taken 14 times
  • The average score is 8 of 10

Answer Stats

SentenceMissing Word% Correct
Of the United ______ of America.States
100%
To the _____,Flag
92%
I pledge _________,Allegiance
83%
Under _____,God
83%
With ________,Liberty
75%
One ________,Nation
75%
For which it _______,Stands
75%
And ________ for all.Justice
67%
And to the _________,Republic
67%
_____________,Indivisible
58%

Score Distribution

Percentile by Number Answered

Percent of People with Each Score

Your Score History

You have not taken this quiz